[Event "ch-RUS Blitz 2017"]
[Site "Sochi RUS"]
[Date "2017.10.02"]
[Round "13.10"]
[White "Grachev, Boris"]
[Black "Potapov, Pavel"]
[Result "1/2-1/2"]
[WhiteTitle "GM"]
[BlackTitle "GM"]
[WhiteElo "2654"]
[BlackElo "2479"]
[WhiteFideId "4129199"]
[BlackFideId "4169786"]
[EventDate "2017.10.02"]
[EventType "blitz"]

1. d4 f5 2. h3 Nc6 3. Nf3 Nf6 4. d5 Nb4 5. c4 g6 6. a3 Na6 7. b4 Bg7 8. Bb2 O-O
9. e3 c6 10. Be2 d6 11. dxc6 bxc6 12. O-O Nc7 13. Nc3 Bb7 14. Na4 Ne6 15. Qc2 c5
16. bxc5 Nxc5 17. Nxc5 dxc5 18. Rfd1 Qc7 19. Ng5 e5 20. Ne6 Qc6 21. Bf3 e4 22.
Nxg7 exf3 23. Nxf5 gxf5 24. Qxf5 1/2-1/2

[Event "ch-RUS Blitz 2017"]
[Site "Sochi RUS"]
[Date "2017.10.02"]
[Round "13.11"]
[White "Rozum, Ivan"]
[Black "Morozevich, Alexander"]
[Result "0-1"]
[WhiteTitle "GM"]
[BlackTitle "GM"]
[WhiteElo "2590"]
[BlackElo "2676"]
[WhiteFideId "24104272"]
[BlackFideId "4116992"]
[EventDate "2017.10.02"]
[EventType "blitz"]

1. Nf3 d5 2. g3 Nc6 3. d4 Bf5 4. Bg2 Nb4 5. Na3 e6 6. O-O h6 7. Ne5 Nf6 8. c3
Na6 9. f3 Be7 10. e4 Bh7 11. Nc2 O-O 12. Qe2 c5 13. Kh1 Rc8 14. Bf4 cxd4 15.
cxd4 Qb6 16. b3 Rc3 17. Rfd1 Rfc8 18. Ne1 Nb4 19. a3 Nc2 20. Nxc2 Rxc2 21. Qe1
Qxb3 22. Rab1 Rb2 23. Rxb2 Qxb2 24. Rb1 Qxd4 25. Rxb7 Bd6 26. Nxf7 Bxf4 27. gxf4
dxe4 28. Ne5 e3 29. Bh3 Bf5 30. Bxf5 exf5 31. Qg1 Nh5 32. Ng6 e2 33. Ne7+ Kh8
34. Qxd4 e1=Q+ 35. Kg2 Rc2+ 36. Kh3 Qf1+ 0-1

[Event "ch-RUS Blitz 2017"]
[Site "Sochi RUS"]
[Date "2017.10.02"]
[Round "13.12"]
[White "Levin, Evgeny A."]
[Black "Popov, Ivan RUS"]
[Result "1/2-1/2"]
[WhiteTitle "GM"]
[BlackTitle "GM"]
[WhiteElo "2532"]
[BlackElo "2599"]
[WhiteFideId "4182596"]
[BlackFideId "4170350"]
[EventDate "2017.10.02"]
[EventType "blitz"]

1. d4 e6 2. c4 Bb4+ 3. Nd2 d5 4. Nf3 Nf6 5. Qa4+ Nc6 6. e3 O-O 7. a3 Bd6 8. c5
Be7 9. b4 Ne4 10. Bb2 f5 11. Qc2 Bf6 12. Bd3 Bd7 13. O-O g5 14. b5 Ne7 15. Ne5
Ng6 16. Nb3 g4 17. f3 gxf3 18. gxf3 Ng5 19. c6 bxc6 20. Nc5 Nxe5 21. dxe5 Be7
22. bxc6 Bc8 23. f4 Ne4 24. Nxe4 fxe4 25. Be2 a5 26. Kh1 Ba6 27. Rg1+ Kh8 28.
Bxa6 Rxa6 29. Rac1 Qe8 30. a4 Qh5 31. Rg3 Raa8 32. Rcg1 Rg8 33. Qg2 Rxg3 34.
Qxg3 Qf3+ 35. Qxf3 exf3 36. f5 f2 37. Rf1 exf5 38. e6+ Kg8 39. Rxf2 Ra6 40. Rxf5
Rxc6 41. Rxd5 Rxe6 42. Rxa5 Rxe3 43. Re5 Rb3 44. Rxe7 Rxb2 45. Rxc7 Ra2 46. Ra7
h5 47. h4 Kf8 48. a5 Ke8 49. a6 Kd8 50. Kg1 Kc8 51. Rh7 Rxa6 52. Rxh5 Kd7 53.
Re5 Re6 54. Rf5 Ke7 55. Kg2 Rf6 56. Re5+ Kf7 1/2-1/2

[Event "ch-RUS Blitz 2017"]
[Site "Sochi RUS"]
[Date "2017.10.02"]
[Round "13.13"]
[White "Rakhmanov, Aleksandr"]
[Black "Usmanov, Vasily"]
[Result "0-1"]
[WhiteTitle "GM"]
[BlackTitle "IM"]
[WhiteElo "2669"]
[BlackElo "2459"]
[WhiteFideId "4173708"]
[BlackFideId "4135741"]
[EventDate "2017.10.02"]
[EventType "blitz"]

1. c4 e6 2. e4 d5 3. exd5 exd5 4. d4 Nf6 5. Nc3 c6 6. Bd3 dxc4 7. Bxc4 Bd6 8.
Nge2 O-O 9. Bg5 h6 10. Bh4 Nbd7 11. Bb3 Nb6 12. Qd3 Re8 13. f3 Be6 14. Ne4 Bb4+
15. Kf1 g5 16. Bf2 Bxb3 17. Qxb3 Nbd5 18. Qd3 Qe7 19. Nxf6+ Qxf6 20. h4 g4 21.
fxg4 Ne3+ 22. Kg1 Nxg4 23. Rf1 Qg6 24. Nf4 Qxd3 25. Nxd3 Bd6 26. Rh3 Re2 27. Bg3
Bf8 28. Bf4 Rae8 29. Rg3 h5 30. Ne5 f5 31. Nxg4 fxg4 32. Rb3 Bg7 33. Rxb7 Bxd4+
34. Kh2 Rxb2 35. Rxb2 Bxb2 36. Rb1 Re2 37. Rd1 a5 38. Rd7 a4 39. Ra7 a3 40. Bd6
Re3 41. Kg1 Rd3 42. Bc5 Rc3 43. Bb6 c5 44. Kf2 c4 45. Bc5 Rd3 46. Ke2 Rg3 47.
Kf2 Rd3 48. Ke2 Rc3 49. Kd2 Rg3 50. Ra4 Rxg2+ 51. Ke3 c3 52. Bxa3 Bxa3 53. Rxa3
c2 54. Ra8+ Kf7 55. Rc8 Ke6 56. Kf4 Rd2 57. a4 Kd5 58. Ke3 Rh2 59. a5 Kd6 60. a6
Rh3+ 61. Kf4 Ra3 62. Rxc2 Rxa6 63. Re2 Ra5 64. Re1 Rd5 65. Re2 Rd3 66. Kg5 Rd5+
67. Kf4 Ra5 68. Re3 Rc5 69. Re2 Kd5 70. Re1 Kd4 71. Rd1+ Kc3 72. Rd8 Kc4 73. Rd1
Rd5 74. Re1 Kc3 75. Re8 Kd3 76. Re3+ Kd4 77. Re1 Kc3 78. Re2 Kd3 79. Re1 Kd2 80.
Re8 Rd3 81. Kg5 Re3 82. Rd8+ Ke2 83. Kxh5 g3 84. Rg8 Kf2 85. Rg5 g2 86. Rxg2+
Kxg2 87. Kg6 Kg3 88. h5 Kg4 89. h6 Re6+ 90. Kg7 Kg5 91. h7 Re7+ 92. Kg8 Kg6 93.
h8=N+ Kf6 94. Kf8 Rg7 0-1

[Event "ch-RUS Blitz 2017"]
[Site "Sochi RUS"]
[Date "2017.10.02"]
[Round "13.14"]
[White "Bocharov, Dmitry"]
[Black "Iljiushenok, Ilia"]
[Result "0-1"]
[WhiteTitle "GM"]
[BlackTitle "IM"]
[WhiteElo "2585"]
[BlackElo "2519"]
[WhiteFideId "4138716"]
[BlackFideId "24105074"]
[EventDate "2017.10.02"]
[EventType "blitz"]

1. d4 Nf6 2. c4 g6 3. g3 Bg7 4. Bg2 O-O 5. Nc3 d6 6. Nf3 Nc6 7. O-O a6 8. d5 Na5
9. b3 b5 10. Nd4 bxc4 11. b4 Nb7 12. Rb1 Qe8 13. Bb2 Bd7 14. Qd2 Nd8 15. Rfe1 c6
16. e4 Rc8 17. h3 e6 18. dxe6 Nxe6 19. e5 dxe5 20. Rxe5 Nd5 21. Nxe6 Bxe6 22.
Nxd5 cxd5 23. Rbe1 Qd7 24. Bd4 Bxe5 25. Rxe5 f6 26. Re3 Bxh3 27. Bxh3 Qxh3 28.
Bc5 Rfd8 29. Be7 Rd7 30. Bxf6 d4 31. Re5 c3 32. Qe2 c2 33. Re8+ Kf7 34. Re7+ Kf8
35. Bg7+ Kg8 36. Re8+ Rxe8 37. Qxe8+ Kxg7 0-1

[Event "ch-RUS Blitz 2017"]
[Site "Sochi RUS"]
[Date "2017.10.02"]
[Round "13.15"]
[White "Inarkiev, Ernesto"]
[Black "Kezin, Roman"]
[Result "1-0"]
[WhiteTitle "GM"]
[BlackTitle "FM"]
[WhiteElo "2694"]
[BlackElo "2455"]
[WhiteFideId "4162722"]
[BlackFideId "24124621"]
[EventDate "2017.10.02"]
[EventType "blitz"]

1. d4 d5 2. c4 e6 3. Nc3 c6 4. e3 Nf6 5. Nf3 Nbd7 6. Qc2 Bd6 7. b3 O-O 8. Be2 e5
9. Bb2 e4 10. Nd2 Re8 11. g4 dxc4 12. bxc4 Qa5 13. h4 Nf8 14. g5 Ng4 15. Rg1
Nxf2 16. Kxf2 Qf5+ 17. Ke1 Qh3 18. Ndxe4 Qxh4+ 19. Kd2 Bc7 1-0

[Event "ch-RUS Blitz 2017"]
[Site "Sochi RUS"]
[Date "2017.10.02"]
[Round "13.16"]
[White "Fedoseev, Vladimir3"]
[Black "Lugovskoy, Maxim"]
[Result "1-0"]
[WhiteTitle "GM"]
[BlackTitle "GM"]
[WhiteElo "2731"]
[BlackElo "2474"]
[WhiteFideId "24130737"]
[BlackFideId "24126454"]
[EventDate "2017.10.02"]
[EventType "blitz"]

1. Nf3 d5 2. b3 Nf6 3. Bb2 g6 4. c4 c6 5. cxd5 cxd5 6. e3 Bg7 7. Nc3 Nc6 8. d4
O-O 9. Be2 Bf5 10. O-O Rc8 11. Rc1 Ne4 12. Nxe4 Bxe4 13. Qd2 Qa5 14. Bc3 Qb6 15.
g4 Bxf3 16. Bxf3 e6 17. Be2 Rc7 18. b4 a5 19. b5 1-0

[Event "ch-RUS Blitz 2017"]
[Site "Sochi RUS"]
[Date "2017.10.02"]
[Round "13.17"]
[White "Oganian, Miran"]
[Black "Timofeev, Artyom"]
[Result "0-1"]
[WhiteTitle "IM"]
[BlackTitle "GM"]
[WhiteElo "2454"]
[BlackElo "2549"]
[WhiteFideId "4122488"]
[BlackFideId "4140419"]
[EventDate "2017.10.02"]
[EventType "blitz"]

1. d4 d5 2. c4 dxc4 3. Nf3 Nf6 4. Qa4+ c6 5. Qxc4 Bf5 6. g3 e6 7. Bg2 Nbd7 8.
O-O Be7 9. e3 O-O 10. Qe2 h6 11. Nc3 Bh7 12. Rd1 c5 13. e4 cxd4 14. Nxd4 Qa5 15.
Nb3 Qc7 16. Nb5 Qb6 17. Be3 Qa6 18. f3 Rfc8 19. Bf1 b6 20. Bd4 Qb7 21. Nc3 a6
22. Rac1 Nc5 23. Nxc5 Bxc5 24. Bxc5 Rxc5 25. Rd6 g5 26. Rcd1 g4 27. fxg4 Re5 28.
Qe3 Nxe4 29. Nxe4 Qxe4 30. Qxh6 Rd5 31. R1xd5 exd5 32. Qg5+ Bg6 33. Qxd5 Qe3+ 0-1

[Event "ch-RUS Blitz 2017"]
[Site "Sochi RUS"]
[Date "2017.10.02"]
[Round "13.18"]
[White "Belyakov, Bogdan"]
[Black "Alekseenko, Kirill"]
[Result "0-1"]
[WhiteTitle "IM"]
[BlackTitle "GM"]
[WhiteElo "2486"]
[BlackElo "2563"]
[WhiteFideId "24104795"]
[BlackFideId "4135539"]
[EventDate "2017.10.02"]
[EventType "blitz"]

1. e4 c5 2. c3 Nf6 3. e5 Nd5 4. Bc4 e6 5. Nf3 Nc6 6. d4 cxd4 7. cxd4 d6 8. O-O
Be7 9. Qe2 O-O 10. Nc3 Nxc3 11. bxc3 dxe5 12. Nxe5 Nxe5 13. Qxe5 Bd6 14. Qe4 Qc7
15. Bd3 f5 16. Qe2 Bxh2+ 17. Kh1 Bd6 18. Bc4 Kh8 19. g3 Bd7 20. Kg2 Rac8 21. Bb3
Qxc3 22. Bb2 Qc6+ 23. d5 exd5 24. Rh1 d4+ 25. Kg1 Bc5 26. Rc1 Qg6 27. Qe5 Bd6
28. Rxc8 Bxc8 29. Qxd4 f4 30. Bc2 Bf5 31. Bxf5 Rxf5 32. Kg2 fxg3 33. f3 Rf8 34.
Rd1 Be7 35. Qe3 Qh5 36. Rh1 Qg5 37. Qd3 Qf5 38. Qe2 Bf6 39. Ba3 Rc8 40. Rc1 h6
41. Rxc8+ Qxc8 42. Kxg3 Qf5 43. Bd6 Kh7 44. Kg2 b5 45. Qf2 a5 46. a3 Qg6+ 47.
Kf1 Qd3+ 0-1

[Event "ch-RUS Blitz 2017"]
[Site "Sochi RUS"]
[Date "2017.10.02"]
[Round "13.19"]
[White "Popov, Mikhail"]
[Black "Kobalia, Mikhail"]
[Result "0-1"]
[WhiteTitle "FM"]
[BlackTitle "GM"]
[WhiteElo "2416"]
[BlackElo "2596"]
[WhiteFideId "4146182"]
[BlackFideId "4119150"]
[EventDate "2017.10.02"]
[EventType "blitz"]

1. d4 d5 2. Bf4 c5 3. e3 Nc6 4. Nf3 Nf6 5. Nbd2 e6 6. c3 cxd4 7. exd4 Nh5 8. Bg5
f6 9. Be3 Bd6 10. Bd3 Nf4 11. Bxf4 Bxf4 12. Qc2 f5 13. O-O O-O 14. Rfe1 Bd7 15.
Nb3 Bd6 16. a4 g5 17. Nc5 Bxc5 18. dxc5 Qf6 19. b4 g4 20. Nd2 a5 21. b5 Ne5 22.
Bf1 f4 23. Nb3 g3 24. f3 gxh2+ 25. Kh1 Ng6 26. Bd3 Nh4 27. c4 dxc4 28. Qxc4 Kh8
29. Qe4 Qg7 30. Re2 Nf5 31. Kxh2 Ng3 32. Qe5 Nxe2 33. Qxg7+ Kxg7 34. Bxe2 e5 35.
Bc4 Rfe8 36. Rd1 Re7 37. Bd5 Be8 38. Be4 Bf7 39. Rd3 Bg6 40. c6 Bxe4 41. fxe4
bxc6 42. bxc6 Ra6 43. Rc3 Rc7 44. Rc5 Rcxc6 45. Rxe5 Re6 46. Rg5+ Kh6 47. Rxa5
Rxa5 48. Nxa5 Rxe4 49. Nc6 Rxa4 50. Ne5 Kg5 51. Nf3+ Kf5 52. Kh3 Ra3 53. Kh4 Ra2
54. Kh5 Ke4 55. Nh4 Ke3 56. Kg4 Rf2 57. Nf5+ Ke2 58. Nh4 Kf1 59. Kf5 h5 60. Kg5
Rxg2+ 61. Nxg2 Kxg2 62. Kxf4 h4 0-1

[Event "ch-RUS Blitz 2017"]
[Site "Sochi RUS"]
[Date "2017.10.02"]
[Round "13.20"]
[White "Hasangatin, Ramil"]
[Black "Derjabin, Ilja"]
[Result "1-0"]
[WhiteTitle "GM"]
[BlackTitle "IM"]
[WhiteElo "2496"]
[BlackElo "2360"]
[WhiteFideId "4122160"]
[BlackFideId "14104768"]
[EventDate "2017.10.02"]
[EventType "blitz"]

1. e4 e6 2. d3 d5 3. Qe2 Be7 4. Nf3 dxe4 5. dxe4 Nf6 6. e5 Nd5 7. c4 Nb4 8. a3
N4c6 9. b4 a5 10. b5 Nd4 11. Nxd4 Qxd4 12. Bb2 Qa7 13. Nd2 Nd7 14. Qg4 g6 15.
Bd3 Nc5 16. Bc2 b6 17. h4 Bb7 18. Nf3 O-O-O 19. Nd4 Qa8 20. f3 Rhe8 21. O-O-O a4
22. Qf4 Rf8 23. Qe3 h5 24. Kb1 Rd7 25. Ka2 Rfd8 26. Qf4 Bf8 27. Bc3 Nb3 28. Ne2
c6 29. Rxd7 Rxd7 30. Rd1 Re7 31. Bb4 c5 32. Bc3 Qa7 33. Ng3 Ba8 34. Ne4 Bxe4 35.
Bxe4 Nd4 36. Qe3 Rd7 37. Rd3 Qc7 38. f4 Be7 39. g3 Qd8 40. Qd2 Qc7 41. Qd1 Qa7
42. Kb2 Rd8 43. Bh1 Qc7 44. Qd2 Nb3 45. Rxd8+ Qxd8 46. Qg2 Qc7 47. Qa8+ Qb8 48.
Qxa4 Nd4 49. Qa6+ Kc7 50. a4 Ne2 51. Be1 Bd8 52. a5 Be7 53. axb6+ Qxb6 54. Ba5 1-0

[Event "ch-RUS Blitz 2017"]
[Site "Sochi RUS"]
[Date "2017.10.02"]
[Round "13.21"]
[White "Tsoi, Dmitry"]
[Black "Yuffa, Daniil"]
[Result "0-1"]
[WhiteTitle "FM"]
[BlackTitle "GM"]
[WhiteElo "2361"]
[BlackElo "2527"]
[WhiteFideId "24194697"]
[BlackFideId "24131423"]
[EventDate "2017.10.02"]
[EventType "blitz"]

1. e4 Nf6 2. Nc3 d5 3. e5 Ne4 4. Nf3 c5 5. Bb5+ Nc6 6. d4 Bg4 7. h3 Bh5 8. e6 f6
9. dxc5 Nxc5 10. Nxd5 Nxe6 11. O-O a6 12. Re1 axb5 13. Rxe6 Bxf3 14. Qxf3 Nd4
15. Nxf6+ gxf6 16. Qh5+ Kd7 17. Re4 e5 18. Be3 Kc7 19. Bxd4 exd4 20. Qxb5 Qd7
21. Qc4+ Qc6 22. Qf7+ Qd7 23. Qc4+ Qc6 24. Qf7+ Kb6 25. Re6 Bd6 26. Qxf6 Rad8
27. Qxd4+ Kc7 28. Qg7+ Kb8 29. Rae1 Rhg8 30. Rxd6 Rxg7 31. Rxc6 bxc6 32. Re2
Rdd7 33. Kh2 Kb7 34. a4 Rge7 35. Rxe7 Rxe7 36. f4 Re2 37. Kg3 Rxc2 38. b4 Rc4
39. f5 Rxb4 40. Kf3 Rxa4 41. g4 c5 42. f6 Ra6 43. g5 Kc7 44. Ke4 Kd7 45. Kf5 c4
46. h4 c3 47. h5 c2 48. g6 hxg6+ 0-1

[Event "ch-RUS Blitz 2017"]
[Site "Sochi RUS"]
[Date "2017.10.02"]
[Round "13.22"]
[White "Nechaev, Oleg"]
[Black "Kryakvin, Dmitry"]
[Result "0-1"]
[WhiteTitle "FM"]
[BlackTitle "GM"]
[WhiteElo "2410"]
[BlackElo "2583"]
[WhiteFideId "24113409"]
[BlackFideId "4153278"]
[EventDate "2017.10.02"]
[EventType "blitz"]

1. c4 c6 2. d4 d5 3. Nf3 Nf6 4. Nc3 dxc4 5. a4 a5 6. Ne5 Ng4 7. Nxg4 Bxg4 8. f3
Bh5 9. e4 e6 10. Bxc4 Be7 11. O-O Na6 12. Be3 Nb4 13. Qe2 O-O 14. Rfd1 Kh8 15.
Qf2 Bh4 16. Qd2 Be7 17. Qf2 Bg6 18. Rd2 f5 19. d5 exd5 20. exd5 cxd5 21. Nxd5
Nxd5 22. Bxd5 Qc7 23. Rc2 Qd7 24. Bc4 f4 25. Bb6 Bxc2 26. Qxc2 Qc6 27. Bf2 Bc5
28. b3 Rad8 29. h3 Qb6 30. Bxc5 Qxc5+ 31. Kh2 Qd4 32. Re1 Rfe8 33. Rxe8+ Rxe8
34. Qf5 b6 35. Bd3 g6 36. Qf7 Rd8 37. Bc4 Qe5 38. Be6 Qg5 39. Bd7 h5 40. Kg1 Rg8
41. Kh1 Rg7 42. Qf8+ Kh7 43. Be6 Qe5 44. Qe8 Qf6 45. Qc6 Re7 46. Bg8+ Kg7 47.
Qc8 Qf8 48. Qxf8+ Kxf8 49. Bc4 Kg7 50. Kg1 Kf6 51. Kf2 g5 52. h4 gxh4 53. Bd3
Re3 54. Bc4 Ke5 55. Bf7 Kd4 56. Kg1 Kc3 57. Kh2 Re1 58. Bxh5 Kxb3 59. Kh3 Kxa4
60. Kxh4 Kb4 61. Kg4 Rg1 62. Kxf4 Rxg2 63. Bf7 a4 64. Ke5 a3 65. f4 a2 66. Kd4 0-1

[Event "ch-RUS Blitz 2017"]
[Site "Sochi RUS"]
[Date "2017.10.02"]
[Round "13.23"]
[White "Selin, Vladimir"]
[Black "Sharafiev, Azat"]
[Result "0-1"]
[BlackTitle "IM"]
[WhiteElo "2322"]
[BlackElo "2433"]
[WhiteFideId "4168321"]
[BlackFideId "4186214"]
[EventDate "2017.10.02"]
[EventType "blitz"]

1. e4 d6 2. d4 Nf6 3. Nc3 e5 4. Nf3 Nbd7 5. g3 g6 6. Bg2 Bg7 7. O-O O-O 8. h3 c6
9. a4 a5 10. Re1 Re8 11. Kh2 Qc7 12. Be3 exd4 13. Nxd4 Nc5 14. Bf4 Nh5 15. Be3
Nf6 16. Bf4 Nh5 17. Be3 Ne6 18. Qd2 Bd7 19. Rad1 Rad8 20. Kg1 Nf6 21. f4 Nh5 22.
Nxe6 Bxe6 23. g4 Nf6 24. Bd4 Bc8 25. Qf2 Nd7 26. Bxg7 Kxg7 27. Qd4+ Kg8 28. Qxd6
Qb6+ 29. Qd4 Qxb2 30. e5 Nxe5 31. Qxd8 Rxd8 32. Rxd8+ Kg7 33. Rxe5 Qb6+ 34. Kh2
Qxd8 35. Ne4 f6 36. Rc5 f5 37. gxf5 Bxf5 38. Ng5 Qd2 39. Rc4 h6 40. Nf3 Qd6 41.
h4 b5 42. axb5 cxb5 43. Rd4 Qc7 44. Ne5 a4 45. Be4 Bxe4 46. Rxe4 Qxc2+ 0-1

[Event "ch-RUS Blitz 2017"]
[Site "Sochi RUS"]
[Date "2017.10.02"]
[Round "13.24"]
[White "Korchmar, Vasiliy"]
[Black "Rozhko, Dmitry"]
[Result "1-0"]
[WhiteTitle "IM"]
[BlackTitle "FM"]
[WhiteElo "2399"]
[BlackElo "2327"]
[WhiteFideId "24131750"]
[BlackFideId "4150430"]
[EventDate "2017.10.02"]
[EventType "blitz"]

1. d4 d5 2. Nf3 Nf6 3. Bf4 Bf5 4. e3 e6 5. Nbd2 h6 6. c4 c6 7. Qb3 Qb6 8. c5
Qxb3 9. axb3 Nbd7 10. b4 Nh5 11. b5 Nxf4 12. exf4 Be7 13. Be2 O-O 14. O-O g5 15.
fxg5 hxg5 16. h3 g4 17. hxg4 Bxg4 18. bxc6 bxc6 19. Ra6 Rfb8 20. b3 Bxf3 21.
Nxf3 Rxb3 22. Rxc6 Nb8 23. Rc8+ Kg7 24. c6 a5 25. c7 a4 26. Ne5 a3 27. Nc6 a2
28. Rxb8 a1=Q 29. Rxa1 Rxa1+ 30. Bf1 Rc3 31. c8=Q Rcc1 32. Qh8+ Kg6 33. Rg8+ Kf5
34. Qe5# 1-0

[Event "ch-RUS Blitz 2017"]
[Site "Sochi RUS"]
[Date "2017.10.02"]
[Round "13.25"]
[White "Triapishko, Alexandr"]
[Black "Murzin, Volodar"]
[Result "1/2-1/2"]
[WhiteTitle "IM"]
[BlackTitle "FM"]
[WhiteElo "2500"]
[BlackElo "2280"]
[WhiteFideId "14122286"]
[BlackFideId "44155573"]
[EventDate "2017.10.02"]
[EventType "blitz"]

1. d4 Nf6 2. Nc3 d5 3. Bf4 g6 4. Qd2 Bg7 5. Bh6 O-O 6. Bxg7 Kxg7 7. O-O-O c5 8.
dxc5 Qa5 9. e3 Qxc5 10. Qd4 Qxd4 11. exd4 Nc6 12. f3 e6 13. Bb5 Ne7 14. Nge2 a6
15. Bd3 Nc6 16. a3 Bd7 17. Na2 Rac8 18. Rhe1 Ne8 19. Nb4 Na7 20. b3 Bb5 21. Kb2
Nd6 22. a4 Bxd3 23. Nxd3 Rc7 24. g4 Nc6 25. Rd2 Rfc8 26. h4 h6 27. c3 Nb8 28.
Rh1 Nd7 29. h5 g5 30. Re1 a5 31. Ra1 b6 32. Rc2 f6 33. Rd1 Kf7 34. Ng3 e5 35.
Re1 1/2-1/2

[Event "ch-RUS Blitz 2017"]
[Site "Sochi RUS"]
[Date "2017.10.02"]
[Round "13.26"]
[White "Bublei, Pavel"]
[Black "Smagin, Sergey"]
[Result "1-0"]
[WhiteTitle "FM"]
[BlackTitle "GM"]
[WhiteElo "2387"]
[BlackElo "2551"]
[WhiteFideId "24112593"]
[BlackFideId "4100425"]
[EventDate "2017.10.02"]
[EventType "blitz"]

1. d4 d5 2. c4 e6 3. Nc3 Nf6 4. Bf4 Nbd7 5. e3 c6 6. Nf3 Nh5 7. Bg5 Be7 8. Bxe7
Qxe7 9. Qc2 Nhf6 10. Bd3 O-O 11. O-O dxc4 12. Bxc4 e5 13. Bb3 exd4 14. exd4 Nb6
15. Rfe1 Qd8 16. Rad1 Nbd5 17. Ne5 Be6 18. a3 Re8 19. h3 Nf4 20. Bxe6 Nxe6 21.
Qb3 Qb6 22. Qxb6 axb6 23. d5 cxd5 24. Nxd5 Nxd5 25. Rxd5 Rad8 26. Rxd8 Rxd8 27.
Rc1 f6 28. Nf3 Kf7 29. Kf1 Rd7 30. g3 g5 31. Ke2 h5 32. Rc8 g4 33. hxg4 hxg4 34.
Nd2 Nd4+ 35. Ke3 Nf5+ 36. Ke2 Re7+ 37. Kd1 Nd4 38. Rc4 Rd7 39. Ke1 f5 40. Rc8 b5
41. Rc5 Kf6 42. Rc8 Re7+ 43. Kd1 Nc6 44. Nb3 Ne5 45. Kc2 Nf3 46. Kd3 Ne5+ 47.
Kc2 Rd7 48. Nc5 Re7 49. Rb8 Nc4 50. Rxb7 Re2+ 51. Kc3 Rxf2 52. Rxb5 Ne5 53. Rb6+
Kf7 54. a4 Ng6 55. a5 f4 56. gxf4 g3 57. Ne4 Rf3+ 58. Kd4 g2 59. Ng5+ Ke7 60.
Nxf3 Nxf4 61. Ng1 Kd7 62. Ke3 Nd5+ 63. Kf2 Nxb6 64. axb6 Kc6 65. Kxg2 Kxb6 66.
Kf2 Kc5 67. Ke2 Kc4 68. Kd2 Kb3 69. Kc1 Kc4 70. Nf3 Kd3 71. Ne1+ Kc4 1-0

[Event "ch-RUS Blitz 2017"]
[Site "Sochi RUS"]
[Date "2017.10.02"]
[Round "13.27"]
[White "Zakaryan, David"]
[Black "Stambulian, Arsen"]
[Result "1-0"]
[WhiteTitle "FM"]
[BlackTitle "IM"]
[WhiteElo "2293"]
[BlackElo "2362"]
[WhiteFideId "24101923"]
[BlackFideId "13300296"]
[EventDate "2017.10.02"]
[EventType "blitz"]

1. e4 d6 2. f4 Nf6 3. Nc3 g6 4. Nf3 Bg7 5. d4 O-O 6. Bd3 Na6 7. O-O c5 8. Kh1
cxd4 9. Nxd4 Nc5 10. Be3 b6 11. b4 Nxd3 12. cxd3 Bb7 13. Rc1 Qd7 14. Qa4 Qxa4
15. Nxa4 Rfc8 16. h3 Nd7 17. Kg1 Ba6 18. Nb2 e5 19. fxe5 Nxe5 20. b5 Bb7 21. Kf2
d5 22. exd5 Bxd5 23. a4 Re8 24. Rfe1 Bf6 25. g3 Rad8 26. Rcd1 Bb7 27. Nc4 Ng4+
28. hxg4 Bxd4 29. Bxd4 Rxe1 30. Rxe1 Rxd4 31. Re7 Bh1 32. Rxa7 Rxd3 33. Nxb6 Rb3
34. Nc4 Bd5 35. Ne5 f6 36. Nd7 Rf3+ 37. Ke2 Be6 38. Kxf3 1-0

[Event "ch-RUS Blitz 2017"]
[Site "Sochi RUS"]
[Date "2017.10.02"]
[Round "13.28"]
[White "Nazaretyan, Tigran"]
[Black "Mnatsakanian, Arsen"]
[Result "0-1"]
[WhiteElo "2303"]
[BlackElo "2200"]
[WhiteFideId "24162345"]
[BlackFideId "24189820"]
[EventDate "2017.10.02"]
[EventType "blitz"]

1. d4 Nf6 2. c4 e6 3. Nf3 b6 4. a3 Bb7 5. Nc3 d5 6. Bg5 Nbd7 7. e3 Be7 8. Qa4
O-O 9. cxd5 Nxd5 10. Bxe7 Qxe7 11. Ba6 Bxa6 12. Nxd5 exd5 13. Qxa6 c5 14. O-O c4
15. Qb5 Qd6 16. Qb4 Qxb4 17. axb4 a5 18. Ra4 axb4 19. Rxb4 Ra6 20. Rb5 Ra5 21.
Rb4 Rfa8 22. h4 f5 23. Kh2 Ra4 24. Rb5 R8a5 25. Rxa5 bxa5 26. Kg3 Kf7 27. Kf4
Kf6 28. Rc1 Rb4 29. Rc2 Nb6 30. Ne5 Na4 31. Nd7+ Ke6 32. Nf8+ Ke7 33. Nxh7 Rxb2
34. Rc1 Rxf2+ 35. Ke5 c3 36. Kxd5 c2 37. Kc4 Nb2+ 38. Kc3 Nd1+ 39. Kd3 Rxg2 40.
Ng5 a4 41. Rxc2 Rxc2 42. Kxc2 Nxe3+ 43. Kc3 Nd5+ 44. Kc4 Nb6+ 45. Kb4 f4 46. Ne4
Ke6 47. Kc5 a3 48. Kxb6 a2 49. Kc6 a1=Q 50. Nc5+ Kf5 51. d5 Qf6+ 52. d6 f3 53.
Nd7 Qc3+ 54. Nc5 f2 55. d7 Qd4 56. Nb3 Qc4+ 57. Kd6 Qd3+ 58. Ke7 f1=Q 59. Nc5
Qfe2+ 60. Kf7 Qd6 0-1

[Event "ch-RUS Blitz 2017"]
[Site "Sochi RUS"]
[Date "2017.10.02"]
[Round "14.1"]
[White "Sjugirov, Sanan"]
[Black "Artemiev, Vladislav"]
[Result "1-0"]
[WhiteTitle "GM"]
[BlackTitle "GM"]
[WhiteElo "2650"]
[BlackElo "2692"]
[WhiteFideId "4189302"]
[BlackFideId "24101605"]
[EventDate "2017.10.02"]
[EventType "blitz"]

1. d4 d5 2. c4 c6 3. Nf3 Nf6 4. Nc3 a6 5. e3 g6 6. Be2 Bg7 7. O-O O-O 8. b3 Bg4
9. Bb2 e6 10. h3 Bxf3 11. Bxf3 Nbd7 12. Qe2 Nb6 13. Rfd1 Nc8 14. e4 dxe4 15.
Nxe4 Nxe4 16. Bxe4 Nd6 17. Bf3 Re8 18. Rd3 Qc7 19. Rad1 Rad8 20. Qd2 Rd7 21. a4
Nf5 22. d5 Bxb2 23. Qxb2 cxd5 24. cxd5 Red8 25. Qd2 Qc5 26. Be4 Qe7 27. dxe6
Rxd3 28. exf7+ Qxf7 29. Bxd3 Kg7 30. Qc3+ Nd4 31. Bc4 Qf6 32. Kf1 Rd7 33. Qe3
Rd6 34. Qe4 b5 35. axb5 axb5 36. Bd3 Nf5 37. Kg1 Nd4 38. Kf1 Nf5 39. Kg1 Nd4 40.
Rf1 Nxb3 41. Bxb5 Nd2 42. Qb7+ Qf7 43. Qxf7+ Kxf7 44. Ra1 Ne4 45. Ra7+ Kf6 46.
f3 Nc3 47. Bc4 h6 48. Kh2 Nd1 49. Rf7+ Ke5 50. Re7+ Kf6 51. Rf7+ Ke5 52. h4 Rd4
53. Be2 Nc3 54. Ba6 Rxh4+ 55. Kg3 Ra4 56. Bd3 Rd4 57. Bxg6 Ne2+ 58. Kf2 Nf4 59.
Rf5+ Ke6 60. Bh7 Ra4 61. Rc5 Ra2+ 62. Kg3 Nxg2 63. Rc3 h5 64. Bg8+ 1-0